| 000 | 00700nam a22001937a 4500 | ||
|---|---|---|---|
| 999 |
_c8863 _d8863 |
||
| 003 | AR-CdUCM | ||
| 008 | 190326b ||||| |||| 00| 0 spa d | ||
| 040 |
_aMUNICIPALIDAD PROVINCIAL DEL CUSCO _cBIBLIOTECA MUNICIPAL DEL CUSCO |
||
| 082 |
_a720.2 / _bS45 |
||
| 100 |
_aSee, Carlos _924666 |
||
| 245 | _aAuxiliar del arquitecto y del ingeniero constructor para el calculo de construcciones / | ||
| 260 |
_aBarcelona : _bEdit. Burgos, |
||
| 300 |
_a292 paginas ; _c18 cm. |
||
| 505 | _aContenido :Aparatos elevadores --Bóvedas, áreas y volúmenes --Barras de enrejados --Calefacción ... | ||
| 650 |
_aConstrucción _94996 |
||
| 650 |
_aArquitectura _93356 |
||
| 942 |
_2ddc _cLIBROS |
||
| 945 | _arjall | ||